000 00458nam a22001697a 4500
005 20180531162557.0
008 180531b xxu||||| |||| 00| 0 eng d
022 0 _a0971-7927
082 _a331
245 1 0 _aThe indian journal of labour economics
260 _aNew Delhi
_bSpringer India
300 _av.
_c21 cm.
310 _aQuarterly
650 0 _aLabour economics
_vPeriodicals.
776 0 8 _a.
942 _2ddc
_cSR
_s1
_mIND
_h331
999 _c152481
_d152481